Vista normal
Vista MARC
Entrada Personal Name
Número de registros utilizados en: 1
001 - CONTROL NUMBER
- control field: 13775
003 - CONTROL NUMBER IDENTIFIER
- control field: DLC
005 - DATE AND TIME OF LATEST TRANSACTION
- control field: 20230217152000.0
008 - FIXED-LENGTH DATA ELEMENTS
- fixed length control field: 980521n| azannaab |n aaa
010 ## - LIBRARY OF CONGRESS CONTROL NUMBER
- LC control number: n 98047268
040 ## - CATALOGING SOURCE
- Original cataloging agency: DLC
- Language of cataloging: spa
- Description conventions: rda
- Transcribing agency: Mx-PuUPA
- Modifying agency: DLC
- Modifying agency: Mx-PuUPA
046 ## - SPECIAL CODED DATES
- Birth date: 19620414
- Source of date scheme: edtf
100 1# - HEADING--PERSONAL NAME
- Personal name: Lunenfeld, Peter,
374 ## - OCCUPATION
- Occupation: Autor
375 ## - GENDER
- Gender: hombre
377 ## - ASSOCIATED LANGUAGE
- Language code: eng
670 ## - SOURCE DATA FOUND
- Source citation: The digital dialectic, 1998:
- Information found: CIP t.p. (Peter Lunenfeld)
670 ## - SOURCE DATA FOUND
- Source citation: George Stone, probabilities, 2003:
- Information found: CIP t.p. (Peter Lunenfeld) data sheet (b. 04-14-1962)